Comparación entre índices de calidad de vida : la población rural del partido de General Puyrredón, 2001-2007 /

El objetivo de este trabajo es realizar un aporte al reconocimiento territorial de dichos fragmentos, con él propósito de dimensionar niveles de calidad en el vivir en el espacio rural del partido de General Puyrredon.

Detalles Bibliográficos
Autor principal: Mikkelsen, Claudia
Otros Autores: Velázquez, Guillermo
Formato: Analitica de revista
Lenguaje:español
Publicado: Santiago, Chile Pontificia Universidad Católica de Chile 2010
Materias:

MARC

LEADER 00000cab a2200000 a 4500
001 040723
003 UAHC_CL
005 20170803124503.0
008 100505b2010 cl 000 spa
040 |a UAHC_CL  |c UAHC_CL  |d UAHC_CL 
100 1 |a Mikkelsen, Claudia 
245 1 0 |a Comparación entre índices de calidad de vida :  |b la población rural del partido de General Puyrredón, 2001-2007 /  |c Claudia Mikkelsen, Guillermo Velázquez. 
260 |b Pontificia Universidad Católica de Chile  |c 2010  |a Santiago, Chile 
300 |a pp. 97-118 
500 |a En: Revista de geografía norte grande, n˚45, 2010. pp. 97-118. ISSN 0379-8682 
500 |a En: Revista de geografía norte grande, n°45, 2010. pp. 97-118. ISSN 0379-8682 
500 |a En: Revista de geografÌa norte grande, nç45, 2010. pp. 97-118. ISSN 0379-8682 
520 |a El objetivo de este trabajo es realizar un aporte al reconocimiento territorial de dichos fragmentos, con él propósito de dimensionar niveles de calidad en el vivir en el espacio rural del partido de General Puyrredon. 
520 |a El objetivo de este trabajo es realizar un aporte al reconocimiento territorial de dichos fragmentos, con él propósito de dimensionar niveles de calidad en el vivir en el espacio rural del partido de General Puyrredon. 
650 4 |a Espacio rural 
650 4 |a CALIDAD DE VIDA 
653 |a GEOGRAFIA 
653 |a LICENCIATURA EN HISTORIA 
653 |a PEDAGOGIA EN HISTORIA Y CIENCIAS SOCIALES 
700 1 |a Velázquez, Guillermo 
700 1 |a Velázquez, Guillermo 
759 |a PP115 
773 0 |t Revista de geografía norte grande  |w 040513 
900 |a REV. GEOGR. NORTE GD.-45/10 
942 |c REVA 
952 |0 0  |1 0  |4 0  |6 REV___GEOGR__NORTE_GD_45_10_000000000000000  |7 0  |8 General  |9 76488  |a BC  |b BC  |c General  |d 2017-08-03  |l 0  |o REV. GEOGR. NORTE GD.-45/10  |p FICTICIO6389  |r 2019-01-08 00:00:00  |t 1  |w 2017-08-03  |y REVA 
999 |c 40723  |d 40723